| 000 | 00521nam a2200217Ia 4500 | ||
|---|---|---|---|
| 003 | OSt | ||
| 005 | 20140313131605.0 | ||
| 008 | 140130s9999 xx 000 0 und d | ||
| 020 | _a0439287200 | ||
| 050 |
_aPZ 7 _b.An556 2002 |
||
| 100 | _aAndrease, Giles | ||
| 245 |
_aGiraffes can't dance / _cGiles Andrease. |
||
| 260 |
_bScholastic, _c2002. _anew York : |
||
| 300 |
_a29 p. : _bcol. ill. ; _c28 cm. |
||
| 440 | _v1 | ||
| 521 | _aG2 | ||
| 526 | _c450 | ||
| 942 |
_cBK _2lcc |
||
| 999 |
_c40381 _d40381 |
||